| 000 | 00724nam a22002292 4500 | ||
|---|---|---|---|
| 999 |
_c17913 _d17913 |
||
| 001 | 0000002103 | ||
| 003 | OSt | ||
| 005 | 20191002133425.0 | ||
| 008 | 070402s xx 000 0 eng d | ||
| 020 | _a1844807635 | ||
| 040 |
_aKABU _cKABU |
||
| 050 | 0 |
_aHF1416 _b.D66 2008 c. 1 |
|
| 100 | 1 | _aDoodle, Isobel | |
| 245 | 1 | 0 |
_aInternational marketing strategy. _banalysis, development and implement _cIsobel Doole, Robin lowe |
| 260 |
_aAustralia : _bCENGAGE Learning _c2008. |
||
| 300 | _axxiv, 462 p. | ||
| 650 | 0 |
_aExport marketing _xManagement. |
|
| 700 | _4Lowe, Robin | ||
| 908 | _a070402 | ||
| 942 |
_2lcc _cBK _hHF1416 _i.D66 2008 c. 1 |
||